| 000 | 01153cac a22003255a 4500 | ||
|---|---|---|---|
| 005 | 20201128013313.0 | ||
| 008 | 150804t1997 maua frb 001 0 eng d | ||
| 010 | _a 96028713 | ||
| 020 | _a0256170517 | ||
| 020 | _a9780256140511 | ||
| 040 |
_aEG-ScBUE _beng _cEG-ScBUE |
||
| 082 | 0 | 4 |
_a347.3067 _bMCA _222 |
| 100 | 1 | _aMcAdams, Tony. | |
| 245 | 1 | 0 |
_aLegal environment of business : _bethical and public policy contexts / _cTony McAdams, Laura Pincus. |
| 260 |
_aBoston, Massachusetts : _bIrwin/McGraw-Hill, _cc.1997. |
||
| 300 |
_axviii, 780 p. : _bill. ; _c27 cm. |
||
| 440 | 0 | _aIrwin legal studies in business series | |
| 500 | _aGlossary : p. 745-762. | ||
| 500 | _aInclude indexes. | ||
| 504 | _aIncludes bibliographical references. | ||
| 590 | _aMohamed Hussein | ||
| 650 | 0 |
_aBusiness law _zUnited States. _2BUEsh |
|
| 650 | 0 |
_aBusiness ethics _zUnited States. _2BUEsh _91173 |
|
| 650 | 0 |
_aIndustrial policy _zUnited States. _2BUEsh _910437 |
|
| 651 | _2BUEsh | ||
| 653 |
_bBUSADM _bBUSBOL _cAugust2015 |
||
| 655 |
_vreading book _934232 |
||
| 700 | 1 |
_aPincus, Laura , _eauthor. _912585 |
|
| 942 |
_cBB _k347.3067 MCA _2ddc |
||
| 999 |
_c5220 _d5220 |
||